|
|
|
|
| LEADER |
00889nam a2200277 4500 |
| 001 |
DLU090076384 |
| 005 |
##20090619 |
| 040 |
# |
# |
|a DLU
|b vie
|
| 041 |
# |
# |
|a vie
|
| 044 |
# |
# |
|a vn
|
| 100 |
# |
# |
|a Thái Công Khanh.
|
| 245 |
# |
# |
|a Nghiên cứu những quy phạm xung đột điều chỉnh những quan hệ hôn nhân và gia đình có nhân tố nước ngoài /
|c Thái Công Khanh.
|
| 653 |
# |
# |
|a Luật hôn nhân và gia đình
|
| 653 |
# |
# |
|a Quan hệ hôn nhân và gia đình
|
| 653 |
# |
# |
|a Quy phạm
|
| 653 |
# |
# |
|a Yếu tố nước ngoài
|
| 773 |
# |
# |
|t Luật học
|g Số 3, 1976, tr. 55-62
|
| 920 |
# |
# |
|a Phòng Tạp chí -- Trung tâm Thông tin - Thư viện Trường Đại học Đà Lạt
|
| 994 |
# |
# |
|a DLU
|
| 900 |
# |
# |
|a True
|
| 911 |
# |
# |
|a Nguyễn Thị Mai Anh
|
| 925 |
# |
# |
|a G
|
| 926 |
# |
# |
|a A
|
| 927 |
# |
# |
|a BB
|
| 980 |
# |
# |
|a Thư viện Trường Đại học Đà Lạt
|